000 01282nam a2200325 a 4500
001 ebr10512102
003 CaPaEBR
006 m u
007 cr cn|||||||||
008 090716s2009 enk sb 001 0 eng d
010 _z 2009447520
020 _z0230228224 (pbk.)
020 _z9780230228221 (pbk.)
020 _z9789221212027
020 _z9789221212034 (e-book)
040 _aCaPaEBR
_cCaPaEBR
035 _a(OCoLC)682614066
050 1 4 _aK1705
_b.B76 2009eb
082 0 4 _a344.01
_222
100 1 _aBronstein, Arturo S.
245 1 0 _aInternational and comparative labour law
_h[electronic resource] :
_bcurrent challenges /
_cArturo Bronstein.
260 _aBasingstoke, U.K. ;
_aNew York :
_bPalgrave Macmillan,
_c2009.
300 _axxxii, 285 p.
504 _aIncludes bibliographical references (p. 259-267) and index.
533 _aElectronic reproduction.
_bPalo Alto, Calif. :
_cebrary,
_d2011.
_nAvailable via World Wide Web.
_nAccess may be limited to ebrary affiliated libraries.
650 0 _aLabor laws and legislation, International.
655 7 _aElectronic books.
_2local
710 2 _aebrary, Inc.
856 4 0 _uhttp://site.ebrary.com/lib/rucke/Doc?id=10512102
_zAn electronic book accessible through the World Wide Web; click to view
999 _c223031
_d223031